Tabla de contenidos:
Uloženo v:
| Médium: | Text |
|---|---|
| Jazyk: | Spanish |
| Tagy: |
Přidat tag
Žádné tagy, Buďte první, kdo vytvoří štítek k tomuto záznamu!
|
MARC
| LEADER | 00000 a a2200000 04500 | ||
|---|---|---|---|
| 003 | cru CRAI/IIS | ||
| 005 | 20210714150009.0 | ||
| 008 | 210617b |||||||| |||| 00| 0 spa d | ||
| 040 | |c cru CRAI/IIS | ||
| 245 | |a Tabla de contenidos: |c volumen 18, número 1, 1992 | ||
| 505 | |a Contenido: 1.De contadora a Esquipulas: Washington y Centroamérica en un mundo cambiante / Cristina Eguizábal. -- 2.La asociación general de agricultores frente a la reforma agraria en la Guatemala revolucionaria, 1944-1954 / John Patrick Bell. -- 3.Compraventas de cafetales y haciendas de café en el valle central de Costa Rica (1834-1850) / Eugenia Rodríguez, Iván Molina. -- 4.Problemas y perspectivas de la sociología costarricense contemporánea / Carlos Rafael Rodríguez. -- 5.La producción de fertilizantes en Costa Rica y el modelo estatal costarricense: El caso FERTICA / Ileana Muñoz, Claudio Antonio Vargas. -- 6.Crítica literaria en Costa Rica: De las historias de Tata Mundo / Ronald Solano | ||
| 773 | 0 | |0 18765 |9 4976 |a Universidad de Costa Rica. |d San José, Costa Rica: Editorial Universidad de Costa Rica, 1974- |o MFN: 4073 |t Anuario de Estudios Centroamericanos / |x 03777316 | |
| 942 | |2 ddc |c PP | ||
| 999 | |c 43712 |d 43712 | ||
